Responses for Show #6199 - Thursday, July 21, 2011

Mark Runsvold game 5.

Contestants

[<< previous game]

Brian McEntee, an academic advisor from Arlington, Virginia

Samer Ismail, a content manager from McKinney, Texas

Mark Runsvold, a student and waiter from Moscow, Idaho (whose 4-day cash winnings total $153,800)

[next game >>]

Jeopardy! Round responses

THE HUMAN BODY
ACTRESSES' TRESSES
HODGEPODGE
THERE SHE IS, MISS AMERICA
MEMBER NATIONS OF OPEC
LOTS OF "OIL"
    $200 7
the skin

Mark
    $200 6
a peekaboo

Samer
    $200 21
Leo

Brian
    $200 26
Columbus

Brian
    $200 1
Saudi Arabia

Samer
    $200 16
spoil

Samer
    $400 8
fingerprints

Brian
    $400 12
Mary Tyler Moore

Mark
    $400 22
Siegfried and Roy

Brian
    $400 27
FoxNews

Brian
    $400 2
Kuwait

Samer
    $400 17
a foil

Samer
    $600 9
muscle tissue

Mark
    $600 13
(Brian: Who is Katie Holmes?)

Jennifer Aniston

Brian
Triple Stumper
    $600 23
a dance-a-thon (or a dance marathon)

Brian
    $600 28
Nebraska

Mark
    $600 3
Indonesia

Samer
    $600 18
topsoil

Samer
    $800 10
tastebuds

Mark
    $800 14
Julianne Moore

Brian
    $800 24
Caterpillar

Brian
    $800 29
Diff'rent Strokes

Brian
    $1,200 4
Venezuela

Samer
    $800 19
toil

Brian
    $1000 11
carbon

Brian
    $1000 15
Demi Moore

Mark
    $1000 25
Gaelic (or Irish)

Samer
    $1000 30
Phyllis George

Triple Stumper
    $1000 5
Libya

Brian
    $1000 20
roil

Samer

Scores at the first commercial break (after clue 15):

Mark Samer Brian
$3,000 $2,600 $2,600

Scores at the end of the Jeopardy! Round:

Mark Samer Brian
$3,600 $5,800 $6,800

Double Jeopardy! Round responses

MINOR FACTS ABOUT MAJOR PEOPLE
NBA ROOKIES OF THE YEAR
BOURBON PLANNING
NOVEL QUOTES
MOUNTAINS
SCOOBY'S RELATIVES?
(Alex: Each correct response will rhyme with do.)
    $400 2
Washington

Samer
    $400 1
Michael Jordan

Samer
    $400 16
Jim Beam

Brian
    $400 21
The Hobbit

Brian
    $400 26
the Rockies

Mark
    $400 11
overdue

Brian
    $800 3
Fidel Castro

Brian
    $800 7
the Orlando Magic

Brian
    $800 17
sourmash

Mark
    $800 22
The Da Vinci Code

Brian
    $800 27
Fuji

Mark
    $800 12
Mountain Dew

Brian
    $1200 4
Geronimo

Mark
    $1200 8
the (Philadelphia) 76ers

Mark
    $1200 18
Four Roses

Triple Stumper
    $1200 23
Of Mice and Men

Mark
    $1200 28
the Apennines

Mark
    $1200 13
GĂ©rard Depardieu

Brian
    $1600 5
(Jean-Paul) Sartre

Brian
    $1600 9
Patrick Ewing

Brian
    $1600 19
the Ohio

Brian
    $9,000 24
(Mark: What is The Green Mile?)

Wicked

Mark
    $1600 29
Mount Ararat

Triple Stumper
    $1600 14
a residue

Brian
    $2000 6
Frederick the Great

Mark
    $2000 10
Lew Alcindor

Brian
    $2000 20
Manhattan

Mark
    $2000 25
The Natural

Mark
    $2000 30
the Carpathians

Brian
    $3,400 15
Kathmandu

Brian

Scores at the end of the Double Jeopardy! Round:

Mark Samer Brian
$7,400 $6,600 $26,200
(lock game)

[wagering suggestions for these scores]

Final Jeopardy! Round responses

20th CENTURY LEADERS
(Alex: His father at that time was the United States' ambassador to the Court of St. James.)
SamerWho is John Major?
$3,399
MarkWhat is ___?
$7,400
BrianWho is JFK?
$3,800
John F. Kennedy

Final scores:

Mark Samer Brian
$0 $3,201 $30,000
3rd place: $1,000 2nd place: $2,000 New champion: $30,000

Game dynamics:

Coryat scores:

Mark Samer Brian
$16,400 $6,200 $24,800
16 R,
1 W
(including 1 DD)
12 R
(including 1 DD),
0 W
27 R
(including 1 DD),
1 W

Combined Coryat: $47,400

[game clues] [game scores] [suggest correction]

Game tape date: 2011-03-22
The J! Archive is created by fans, for fans. Scraping, republication, monetization, and malicious use prohibited; this site may use cookies and collect identifying information. See terms. The Jeopardy! game show and all elements thereof, including but not limited to copyright and trademark thereto, are the property of Jeopardy Productions, Inc. and are protected under law. This website is not affiliated with, sponsored by, or operated by Jeopardy Productions, Inc. Join the discussion at JBoard.tv.